000 00778nam a2200253ua 4500
001 000442
002 SID-000442
003 DB-PGN/BCA
008 181210s1995 ck gr 000 0 spa d
020 _a9589298001
041 0 _aspa
072 7 _a020
_2PGN
082 0 4 _a027.5
_bA526i / 1995
100 1 _aAmpudia Mello, J. Enrique
245 1 0 _aInstitucionalidad y gobierno :
_bun ensayo sobre la dimensión archivística de la administración pública /
_cJ. Enrique Ampudia Mello
250 _a2 ed.
260 _aBogotá :
_bArchivo General de la Nacion,
_c1995
300 _a128 p.
610 2 4 _aArchivo General de la Nación
650 1 4 _aAdministración pública
650 1 4 _aArchivística
650 1 4 _aArchivos
651 4 _aColombia
710 1 _aColombia
_bArchivo General de la Nación
999 _c20627
_d20627
040 _ccobopgn
942 _cBK